| 000 | 00700nam a2200181 i 4500 | ||
|---|---|---|---|
| 001 | 76386 | ||
| 003 | ES-MaACL | ||
| 005 | 20250724075055.0 | ||
| 007 | t| | ||
| 008 | 201022s1879 sp ||||1| spa d | ||
| 245 | 0 | 0 |
_aResumen de los trabajos hechos para la determinación del metro y kilogramo internacionales _b: desde Junio de 1875 hasta Julio de 1879,|cpublicado por el Instituto Geográfico y Estadístico. |
| 260 |
_a[Madrid : _bInstituto Geográfico y Estadístico, _c1879. |
||
| 300 |
_a126 p., 1 plan. ; _c27 cm. |
||
| 650 | 7 |
_aPesos y medidas _2embne _9136691 |
|
| 710 | 2 |
_aInstituto Geográfico y Estadístico (España) _93892 |
|
| 852 |
_aES-MaACL _jT-441-F-5 |
||
| 999 |
_c76386 _d76386 |
||